Brassey's defence yearbook 1995 (Record no. 63021)

000 -LEADER
fixed length control field 00503nam a22001937a 4500
003 - CONTROL NUMBER IDENTIFIER
control field NUST - PNEC
005 - DATE AND TIME OF LATEST TRANSACTION
control field 20170116180802.0
008 - FIXED-LENGTH DATA ELEMENTS--GENERAL INFORMATION
fixed length control field 150416b xxu||||| |||| 00| 0 eng d
020 ## - INTERNATIONAL STANDARD BOOK NUMBER
International Standard Book Number 1857531310
040 ## - CATALOGING SOURCE
Transcribing agency LIBRARY
082 ## - DEWEY DECIMAL CLASSIFICATION NUMBER
Classification number 359.058 CLA
100 ## - MAIN ENTRY--PERSONAL NAME
9 (RLIN) 2654
Personal name Clarke, Michael
245 ## - TITLE STATEMENT
Title Brassey's defence yearbook 1995
Statement of responsibility, etc. Michael Clarke
250 ## - EDITION STATEMENT
Edition statement -
260 ## - PUBLICATION, DISTRIBUTION, ETC.
Place of publication, distribution, etc. London
Name of publisher, distributor, etc. Brassey's
Date of publication, distribution, etc. c1995.
300 ## - PHYSICAL DESCRIPTION
Extent 396 p. :
Dimensions 23 cm.
650 ## - SUBJECT ADDED ENTRY--TOPICAL TERM
9 (RLIN) 2656
Topical term or geographic name entry element World politics
General subdivision General
942 ## - ADDED ENTRY ELEMENTS (KOHA)
Source of classification or shelving scheme
Koha item type Book
Holdings
Withdrawn status Lost status Source of classification or shelving scheme Damaged status Not for loan Permanent Location Current Location Shelving location Date acquired Source of acquisition Cost, normal purchase price Total Checkouts Full call number Barcode Date last seen Cost, replacement price Price effective from Koha item type
          Pakistan Navy Engineering College (PNEC) Pakistan Navy Engineering College (PNEC)   07/02/1995 NDA 600.00   359.058 CLA PNECLIB-017990 04/16/2015 600.00 07/02/1995 Book
© 2023 Central Library, National University of Sciences and Technology. All Rights Reserved.